|
|
|
|
| LEADER |
00000nam a2200000 a 4500 |
| 001 |
UCT5848 |
| 003 |
CL-VaPUC |
| 005 |
20220426131005.0 |
| 008 |
961223e19670000MX |||||||||||||||||spa|d |
| 999 |
|
|
|c 254645
|d 254643
|
| 040 |
|
|
|c Pontificia Universidad Católica de Valparaíso
|
| 082 |
0 |
4 |
|a 144
|b ERA
|2 21
|
| 100 |
0 |
|
|a Erasmo de Rotterdam
|e author
|9 368153
|
| 245 |
1 |
0 |
|a Elogio de la locura
|
| 260 |
|
|
|a Ciudad de México
|b Nacional
|c 1967
|
| 300 |
|
|
|a 187 p
|
| 583 |
|
|
|a last modification
|c 19961223 00:00:00
|k Rodrigo Vera
|
| 600 |
|
|
|a Moro, Tomás,
|d 1478-1535
|q More, Thomas
|9 455757
|
| 650 |
|
0 |
|a Humanismo
|9 256530
|
| 650 |
|
0 |
|a Biografías
|9 255210
|
| 942 |
|
|
|c BK
|2 ddc
|
| 945 |
|
|
|d 19961223 00:00:00
|a nastorga
|
| 952 |
|
|
|0 0
|1 0
|4 0
|6 144_000000000000000_ERA_1967
|7 0
|8 R
|9 276459
|a BIBHIS
|b BIBHIS
|d 2019-11-19
|i 3263045
|o 144 ERA 1967
|p 3263045
|r 2024-01-30
|w 2019-11-19
|y BK_R
|k HIS
|